000 00787cam a2200265 i 4500
001 13515
003 OST
005 20260331103749.0
008 161101s2015 maua b 001 0 eng
010 _a2013039934
020 _a0205322158 (pbk.)
040 _aDLC
_beng
_cBSU
_erda
_dBSULIB
042 _apcc
050 0 0 _aRA776
_b.D663 2001
082 0 0 _a613
_223
092 _a613 DON
100 1 _aDonatelle, Rebecca J.,
_d1950-
_912565
245 1 0 _aHealth :
_bthe basics /
_cRebecca J. Donatelle, Oregon State University.
250 _a4th edition.
260 _aBoston:
_bAllyn and Bacon,
_cc 2001
300 _axxiv, 501 p. :
_bcolor illustrations ;
_c28 cm.
504 _aIncludes bibliographical references and index.
650 0 _aHealth
_vTextbooks.
_926402
942 _2ddc
_cBK
999 _c13515
_d13515